| 000 | 00418nam a2200145Ia 4500 | ||
|---|---|---|---|
| 008 | 151213s9999 xx 000 0 und d | ||
| 100 | _aIrastated by John Dryden | ||
| 245 |
_aVirgh the Acruid _cIrastated by John Dryden |
||
| 260 |
_aHertforshire _bWords Worth Classic Edition _c1997 |
||
| 300 | _a3546 p. | ||
| 650 | _aEnglish Literature | ||
| 650 | _aLiterature | ||
| 700 | _aIrastated by John Dryden | ||
| 999 |
_c2350 _d2350 |
||